Migración, fronteras e identidades étnicas transnacionales /
Kaydedildi:
| Yazar: | |
|---|---|
| Diğer Yazarlar: | |
| Materyal Türü: | Metin |
| Baskı/Yayın Bilgisi: |
Tijuana:
El Colegio de la Frontera Norte. Porrúa
|
| Konular: | |
| Etiketler: |
Etiketle
Etiket eklenmemiş, İlk siz ekleyin!
|
MARC
| LEADER | 00000 a a2200000 04500 | ||
|---|---|---|---|
| 001 | 39644 | ||
| 003 | |||
| 040 | |||
| 020 | |a 978-968-7947-57-0 |a 978-970-819-117-3 | ||
| 090 | |a 1001 V433m | ||
| 100 | |a Velasco Ortiz, Laura | ||
| 245 | |a Migración, fronteras e identidades étnicas transnacionales / |c Laura Velasco Ortiz | ||
| 260 | |a Tijuana: |b El Colegio de la Frontera Norte. Porrúa | ||
| 300 | |a 339 p. | ||
| 650 | |a FRONTERAS | ||
| 650 | |a IDENTIDAD CULTURAL | ||
| 650 | |a MEXICANOS | ||
| 650 | |a ESTADOS UNIDOS | ||
| 700 | |a coord. | ||
| 999 | |c 15238 |d 15238 | ||



